MDQL
is popping MORE tags! Check the
thread
!
Quizzes
Events
Quiz Creation
Community
Videos
Private Events
Remove Ads
Sign In
Join for FREE
Feedback
Dark Mode
Quiz Categories
Sports
Geography
Music
Movies
Television
Just For Fun
Miscellaneous
History
Literature
Language
Science
Gaming
Entertainment
Religion
Holiday
For Kids
Quiz Lab
Recent
Popular Today
Quiz Kudos Today
Editor Picks
Curator Picks
Quizzes by...
Day
Popularity
Type
Ratings
Length
Year
Community
Subscriptions
Recent Discussions
Orange Saloon
Badges
Playlists
Quests
Create
Leaderboards
Showdown
Live 5
Trivia Bingo
Activity
Puzzle Library
Sporcle Events
Private Events
Virtual Trivia
Globe League
Become a Host
Pub Owners
SporcleCon
Opinionation
Our Games
Videos
Blog
Mobile Apps
Partnerships
Remove Ads and Go Orange
Feedback
Literature
Harry Potter
A Song of Ice and Fire
The Hunger Games
Literary Character
Shakespeare
Book
Author
Novel
Poem
Young Adult
Children's Books
Play
Lord of the Rings
Literature
Harry Potter
A Song of Ice and Fire
The Hunger Games
Literary Character
Shakespeare
Book
Author
Novel
Poem
Young Adult
Children's Books
Play
Lord of the Rings
Random Quiz
Search Sporcle
×
Quiz Lab
Quiz Lab
Literature
War
Type in answers that appear in a list
Type in answers that appear in a list
Classic
Best Score? Go Orange.
War of the Ancients Characters Stats
Can you name the War of the Ancients characters?
By
Xavius
7m
40 Questions
5 Plays
5 Plays
5 Plays
Comments
Comments
Give Quiz Kudos
Give Quiz Kudos
-
- Ratings
hide this ad
Random Order
Randomize order of answers
Randomize order of answers
Replay
Link that replays current quiz
Next Quiz
Link to next quiz in quiz playlist
You Got
0%
They Got
Avg Score
31%
Avg Friend Score
Upgrade to see
Score Distribution
Jump to the score distribution portion of the page
Score
0/40
Timer
07:00
0
Plays Today
Hint
Character
% Correct
Sorcerer and betrayer
Illidan Stormrage
80%
Druidic disciple
Malfurion Stormrage
80%
Priestess from Suramar
Tyrande Whisperwind
80%
Time-
travelling mage
Rhonin
60%
Dragon mage
Krasus
60%
Green aspect
Ysera
60%
Black aspect
Neltharion
60%
Blue aspect
Malygos
60%
Demigod of the forest
Cenarius
60%
Mage's wife
Vereesa Windrunner
60%
Eredar mastermind
Archimonde
60%
Queen of the Kaldorei
Azshara
40%
Queen's chief councilor
Xavius
40%
Queen of dragons
Alexstrasza
40%
Bronze aspect
Nozdormu
40%
Time-
travelling orc
Broxigar
40%
Priestess from Hajiri
Maiev Shadowsong
40%
Teenage archer
Shandris Feathermoon
40%
Fallen titan
Sargeras
40%
Queen's handmaiden
Vashj
20%
Hint
Character
% Correct
Xenophobic commander
Desdel Stareye
20%
Valiant Resistance commander
Jarod Shadowsong
20%
Master of Black Rook Hold
Kur'talos Ravencrest
20%
Queen's commander
Varo'then
20%
Second satyr
Peroth'arn
20%
Demonic beastmaster
Hakkar
20%
Annihilan warlord
Mannoroth
20%
Bear ancient
Ursoc
20%
Bear ancient
Ursol
20%
First consort of the Dragonqueen
Tyranastrasz
20%
Highborne of the Elite Circle
Dath'Remar Sunstrider
0%
Moon Guard elder
Latosius
0%
Boar ancient
Agamaggan
0%
Bird ancient
Aviana
0%
The White Stag
Malorne
0%
Earthen delegate
Dungard Ironcutter
0%
Tauren delegate
Huln Highmountain
0%
Furbolg delegate
Unng Ak
0%
Craftsman of the black aspect
Meklo
0%
High priestess of Elune
Dejahna
0%
Quiz Playlist
Details
Report
Send in Message
Add To Playlist
Classic:
Type in answers that appear in a list
Random Order:
Randomize order of answers
Last Updated: Feb 16, 2017
Quiz Scoreboard
CHALLENGE
Sign Up to Join the Scoreboard
Show All
Scores
Hide
Comments
May contain spoilers
Recently Published
Two Season TV Shows II
by 123Four
Television
10m
Image Sorting: Flags VI
by Barbecue
Geography
2m
Find the 'City' Movie
by crazypaving
Movies
60s
More to Explore
Quiz From the Vault
Featured Blog Post
14 Easter Pick-up Lines to Find Eggs With
hide this ad
You Might Also Like...
Tags
War Quiz
ancient
Character
Today's Top Quizzes in Literature
Browse Literature
hide this ad
Today's Top Quizzes in War
Browse War
Top Contributed Quizzes in Literature
1
Sneaky Slytherin Logic Puzzle
2
Harry Potter logic puzzle: The Hogwarts Soap Opera
3
Get The Picture: Black or White Literature
4
'Middle' Earth
5
Harry Potter Slytherin Logic Puzzle
6
ASOIAF Siblings Logic Puzzle
7
Logic Puzzle: Avoid Dumbledore's Army
8
The Men of ASOIAF - Logic Puzzle (Hard)
9
A Song of Ice and Fire Logic Puzzle
10
Quick Pick: Easter in Book Titles
Explore More
Trending Topics
Marvel
NBA
Disney
Kpop
Harry Potter
Crossword
Anime
Soccer
Pokémon
The Office
Puzzle
Country
WWE
Song
NFL
hide this ad
More By:
Xavius
Quiz
Plays
Rating
Category
Featured
Created
Stargate SG-1 Deaths
186
4.00
Television
Dec 15, 2009
War of the Ancients Characters
5
Literature
Dec 16, 2009
Go to Creator's Profile
Score Distribution
Quiz Creator Spotlight
Xavius
Follow
Send a Message
Quizzes Created
-
Created Quiz Play Count
-
More By This Creator
Popular Quizzes Today
1
Colored Red Africa Blitz
2
Find the US States - No Outlines Minefield
3
Find the 'City' Movie
4
5x2 Blitz: Bands
5
The Countries of the World
6
Find the US States
7
Find the Countries of Europe - No Outlines Minefield
8
US States
More Literature Quizzes
Longest Answer: Shakespeare Comedies
Published
Trending Quizzes
Colored Red Europe Blitz I
Colored Red Africa Blitz II
Colored Red Europe Blitz II
Colored Red Africa Blitz III
Colored Red Europe Blitz III
Recently Updated
How Do You Spell That?
pecheneg
Godzilla Movies
pecheneg
Grab Bag: 4-10 Letters
pecheneg
2024 March Madness Bracket
pecheneg
Famous TV Couples
Peacemaker
Champions League XIs: Real Madrid
pecheneg
Largest US Cities 1790-2010
pecheneg
Rides in Walt Disney World
pecheneg
Most Oscar Losses (Acting)
pecheneg
Beyoncé Albums
pecheneg
Trending Topics
NBA
Kpop
Harry Potter
Anime
Marvel
Crossword
Disney
Song
Pokémon
Country
Puzzle
Soccer
WWE
The Office
NFL
Your Account Isn't Verified!
In order to create a playlist on Sporcle, you need to verify the email address you used during registration. Go to your
Sporcle Settings
to finish the process.
Report this User
Report this user for behavior that violates our
Community Guidelines
.
Details:
Send Report
Go to the Sporcle.com Mobile Site →
Comments